00564nam a2200133Ia 450000500170000000800410001702000150005808200130007310000130008624500420009926000500014130000140019150002250020520241029013918.0240331s9999 xx 000 0 und d a8170461383 bDEVa823 aDevi , M 0aRudali :bfrom fiction to performance aCalcuttabSeagull Books Private Limitedc1997 a156 p .,  a" Rudali" is a powerful short story written by Mahasweta Devi. Revolving around the life of sanichari, a poor, low caste village woman, it is an acidly ironic tale of exploitation and struggle, and above all, of survival